ბათუმის შოთა რუსთაველის სახელმწიფო უნივერსიტეტის ბიბლიოთეკა

მშვიდობის ჩივილი (ბიბ.ჩანაწერი № 34903)

000 -LEADER
fixed length control field 00742nam a2200217Ia 4500
001 - CONTROL NUMBER
control field 730
003 - CONTROL NUMBER IDENTIFIER
control field GE_BSU
008 - FIXED-LENGTH DATA ELEMENTS--GENERAL INFORMATION
fixed length control field 181216s||||||||xx |||||||||||||| ||und||
040 ## - CATALOGING SOURCE
Transcribing agency GE_BSU
080 ## - UNIVERSAL DECIMAL CLASSIFICATION NUMBER
Universal Decimal Classification number 355.01+355.421
100 ## - MAIN ENTRY--PERSONAL NAME
Personal name როტერდამელი, ერაზმ
245 ## - TITLE STATEMENT
Title მშვიდობის ჩივილი
245 ## - TITLE STATEMENT
Statement of responsibility, etc. ლათინურიდა თარგმნა .გურამ კუტალიამ რედ.: მ. სონღულაშვილი
260 ## - PUBLICATION, DISTRIBUTION, ETC.
Place of publication, distribution, etc. თბილისი
260 ## - PUBLICATION, DISTRIBUTION, ETC.
Name of publisher, distributor, etc. თბილისის უნ-ტის
260 ## - PUBLICATION, DISTRIBUTION, ETC.
Date of publication, distribution, etc. 1983
300 ## - PHYSICAL DESCRIPTION
Extent 51 გბ.
653 ## - INDEX TERM--UNCONTROLLED
Uncontrolled term მშვიდობის ჩივილი
942 ## - ADDED ENTRY ELEMENTS (KOHA)
Koha item type წიგნი
ეგზემპლარები
Withdrawn status Lost status Damaged status Not for loan Date acquired Barcode Date last seen Price effective from Koha item type
        2018-12-17 1221 2018-12-17 2018-12-17 წიგნი